<?xml version="1.0" encoding="UTF-8"?><?xml-stylesheet type="text/xsl" href="static/style.xsl"?><OAI-PMH xmlns="http://www.openarchives.org/OAI/2.0/" xmlns:xsi="http://www.w3.org/2001/XMLSchema-instance" xsi:schemaLocation="http://www.openarchives.org/OAI/2.0/ http://www.openarchives.org/OAI/2.0/OAI-PMH.xsd"><responseDate>2026-04-13T02:38:15Z</responseDate><request verb="GetRecord" identifier="oai:www.recercat.cat:2117/422287" metadataPrefix="marc">https://recercat.cat/oai/request</request><GetRecord><record><header><identifier>oai:recercat.cat:2117/422287</identifier><datestamp>2025-07-22T18:41:52Z</datestamp><setSpec>com_2072_1033</setSpec><setSpec>col_2072_452951</setSpec></header><metadata><record xmlns="http://www.loc.gov/MARC21/slim" xmlns:dcterms="http://purl.org/dc/terms/" xmlns:xsi="http://www.w3.org/2001/XMLSchema-instance" xmlns:doc="http://www.lyncode.com/xoai" xsi:schemaLocation="http://www.loc.gov/MARC21/slim http://www.loc.gov/standards/marcxml/schema/MARC21slim.xsd">
   <leader>00925njm 22002777a 4500</leader>
   <datafield ind2=" " ind1=" " tag="042">
      <subfield code="a">dc</subfield>
   </datafield>
   <datafield ind2=" " ind1=" " tag="720">
      <subfield code="a">Griffa, Fiamma Mailén</subfield>
      <subfield code="e">author</subfield>
   </datafield>
   <datafield ind2=" " ind1=" " tag="260">
      <subfield code="c">2024-10-31</subfield>
   </datafield>
   <datafield ind2=" " ind1=" " tag="520">
      <subfield code="a">The homogenization heat treatment of as-cast billets is a significant process in aluminium extrusions. This process is characterized by a large evolution in the microstructure when going through the different stages of the morphological process. This&#xd;
change involves several key steps: the disruption of eutectic morphology by processing inter dendritic phases into round shapes, reduction of in grain segregation&#xd;
though diffusion, re-melting of low melting phases to achieve enhanced extrusion&#xd;
surface finish, and precipitation of nano sized dispersions (for alloys containing Cr,&#xd;
Zr, Mn, and Sc) to arrest grain boundary movement and avoid recrystallization.&#xd;
Post homogenization cooling may also cause reprecipitation of some phase that can&#xd;
change the flow stress required for the next extrusion. However, all these precipitates&#xd;
have an adverse effect on the mechanical characteristics of the alloy and inhibit age&#xd;
hardening ability requiring their dissolution during solution heat treatment.&#xd;
The processes of development of microstructure take place during homogenization&#xd;
and subsequent cooling. Therefore, the main aim of the present study is to systematically investigate the microstructural change during homogenization heat treatment&#xd;
and the chemical composition of the samples before and after the treatment.&#xd;
Investigation carried out on as-cast 6xxx aluminium billets shows that both ßAl5FeSi intermetallic phase and coarse Mg2Si particles are detrimental to the subsequent operations like extrusion. For proper surface quality of the extruded products,&#xd;
the billets are heat treated thorough homogenization before the extrusion is carried&#xd;
out. Typically, during the heat treatment, there are unwanted intermetallic particles,&#xd;
ß-AlFeSi platelets, are converted to rounded α-Al(FeMn)Si intermetallic particles.&#xd;
The reactions, which take place during homogenization process, were investigated up&#xd;
to the present time by experiments, providing some information about the process&#xd;
and alloys properties. In the present study the transformations of 6060 and 6063 have&#xd;
also been studied using Light Optical Microscope, hardness tester and Optical Emission Spectroscopy.</subfield>
   </datafield>
   <datafield ind2=" " ind1=" " tag="520">
      <subfield code="a">Outgoing</subfield>
   </datafield>
   <datafield tag="653" ind2=" " ind1=" ">
      <subfield code="a">Àrees temàtiques de la UPC::Enginyeria dels materials</subfield>
   </datafield>
   <datafield tag="653" ind2=" " ind1=" ">
      <subfield code="a">Aluminum alloys</subfield>
   </datafield>
   <datafield tag="653" ind2=" " ind1=" ">
      <subfield code="a">Machinery</subfield>
   </datafield>
   <datafield tag="653" ind2=" " ind1=" ">
      <subfield code="a">homogenization</subfield>
   </datafield>
   <datafield tag="653" ind2=" " ind1=" ">
      <subfield code="a">6xxx alloys</subfield>
   </datafield>
   <datafield tag="653" ind2=" " ind1=" ">
      <subfield code="a">direct chill casting</subfield>
   </datafield>
   <datafield tag="653" ind2=" " ind1=" ">
      <subfield code="a">Alumini -- Aliatges</subfield>
   </datafield>
   <datafield tag="653" ind2=" " ind1=" ">
      <subfield code="a">Maquinària</subfield>
   </datafield>
   <datafield ind2="0" ind1="0" tag="245">
      <subfield code="a">Study of homogenization heat treatment of AL-MG-SI billets produced by direct chill casting</subfield>
   </datafield>
</record></metadata></record></GetRecord></OAI-PMH>